Ochranné plyny pre oblúkové zváranie a spájkovanie pozinkovaných oceľových plechov
Guardado en:
| Autor principal: | |
|---|---|
| Otros Autores: | |
| Formato: | Manuscrito Libro |
| Lenguaje: | eslovaco |
| Publicado: |
2017
|
| Materias: | |
| Acceso en línea: | http://is.stuba.sk/zp/portal_zp.pl?podrobnosti=128606 |
| Etiquetas: |
Sin Etiquetas, Sea el primero en etiquetar este registro!
|
MARC
| LEADER | 00000ntm a22000003a 4500 | ||
|---|---|---|---|
| 001 | stuzp62131 | ||
| 003 | SK-STU | ||
| 005 | 20170624211336.6 | ||
| 007 | ta | ||
| 008 | 150427s2015----xo-----f-mn---000-0-slo-d | ||
| 040 | |a STU |b slo | ||
| 041 | 0 | |a slo | |
| 100 | 1 | |a Arendáš, Adam |u 020050 |4 aut |U SjF Strojnícka fakulta |T SjF Ústav technológií a materiálov |X 73278 |U J0050 |Y 803 |7 73278 | |
| 242 | 0 | 1 | |a Protective gases for arc welding and brazing of galvanized steel sheets |y eng |
| 245 | 1 | 0 | |a Ochranné plyny pre oblúkové zváranie a spájkovanie pozinkovaných oceľových plechov |
| 260 | |c 2017 | ||
| 650 | 4 | |a pozinkované oceľové plechy |2 slo | |
| 650 | 4 | |a zváranie, spájkovanie |2 slo | |
| 650 | 4 | |a ochranné plyny |2 slo | |
| 650 | 4 | |a galvanized steel sheets |2 eng | |
| 650 | 4 | |a welding,brazing |2 eng | |
| 650 | 4 | |a protective gases |2 eng | |
| 700 | 1 | |a Belanová, Judita |u 020050 |k Z1 |4 ths |U SjF Strojnícka fakulta |T SjF Ústav technológií a materiálov |X 2346 |U J0050 |Y 803 |7 A000002346 | |
| 856 | 4 | |u http://is.stuba.sk/zp/portal_zp.pl?podrobnosti=128606 | |
| 996 | |b 284J045314 |c J* 2784/DBP |l JJSK |s A |a 24 |w stuzp62131_0001 | ||